<?xml version="1.0" encoding="UTF-8"?><?xml-stylesheet type="text/xsl" href="static/style.xsl"?><OAI-PMH xmlns="http://www.openarchives.org/OAI/2.0/" xmlns:xsi="http://www.w3.org/2001/XMLSchema-instance" xsi:schemaLocation="http://www.openarchives.org/OAI/2.0/ http://www.openarchives.org/OAI/2.0/OAI-PMH.xsd"><responseDate>2026-06-01T10:33:53Z</responseDate><request verb="GetRecord" identifier="oai:riuma.uma.es:10630/46061" metadataPrefix="marc">https://riuma.uma.es/rest/oai/request</request><GetRecord><record><header><identifier>oai:riuma.uma.es:10630/46061</identifier><datestamp>2026-03-17T00:45:44Z</datestamp><setSpec>com_10630_2254</setSpec><setSpec>col_10630_37953</setSpec></header><metadata><record xmlns="http://www.loc.gov/MARC21/slim" xmlns:dcterms="http://purl.org/dc/terms/" xmlns:doc="http://www.lyncode.com/xoai" xmlns:xsi="http://www.w3.org/2001/XMLSchema-instance" xsi:schemaLocation="http://www.loc.gov/MARC21/slim http://www.loc.gov/standards/marcxml/schema/MARC21slim.xsd">
   <leader>00925njm 22002777a 4500</leader>
   <datafield ind2=" " ind1=" " tag="042">
      <subfield code="a">dc</subfield>
   </datafield>
   <datafield ind2=" " ind1=" " tag="720">
      <subfield code="a">Valvassori, Mita</subfield>
      <subfield code="e">author</subfield>
   </datafield>
   <datafield ind2=" " ind1=" " tag="260">
      <subfield code="c">2025-01-01</subfield>
   </datafield>
   <datafield ind2=" " ind1=" " tag="520">
      <subfield code="a">Este trabajo parte del concepto de ecogótico, en el que se articulan las particularidades del género gótico con la creciente preocupación actual por la crisis medioambiental. Desde este enfoque, se propone una relectura de Los novios de Manzoni centrada en las escenas góticas más destacadas de la obra desde una perspectiva ecocrítica y ecofeminista, resaltando el valor que estas tienen en el camino de transformación experimentado por los protagonistas, Renzo y Lucía. Las conclusiones sugieren que los elementos siniestros y amenazantes del entorno natural pueden interpretarse como una crítica a los modelos antropocéntricos y falogocéntricos tradicionales. La relectura ecogótica de esta novela cumbre de la literatura italiana del siglo XIX no solo es capaz de hacernos reflexionar sobre la complejidad de la relación entre lo humano y lo no-humano, sino que también destaca la vigencia y el potencial didáctico de la obra de Manzoni para el lector contemporáneo.</subfield>
   </datafield>
   <datafield ind1="8" ind2=" " tag="024">
      <subfield code="a">Valvassori, M. (2025) “Leer a Manzoni en el siglo XXI: los caminos ecogóticos de Renzo y Lucía”, Alabe Revista de Investigación sobre Lectura y Escritura, 31(31), pp. 209–230. doi:10.25115/alabe31.10067.</subfield>
   </datafield>
   <datafield ind1="8" ind2=" " tag="024">
      <subfield code="a">https://hdl.handle.net/10630/46061</subfield>
   </datafield>
   <datafield ind1="8" ind2=" " tag="024">
      <subfield code="a">10.25115/alabe31.10067</subfield>
   </datafield>
   <datafield tag="653" ind2=" " ind1=" ">
      <subfield code="a">Manzoni, Alessandro - Crítica e interpretación</subfield>
   </datafield>
   <datafield tag="653" ind2=" " ind1=" ">
      <subfield code="a">Medio ambiente - En la literatura</subfield>
   </datafield>
   <datafield tag="653" ind2=" " ind1=" ">
      <subfield code="a">Crítica literaria feminista</subfield>
   </datafield>
   <datafield ind2="0" ind1="0" tag="245">
      <subfield code="a">Leer a Manzoni en el siglo XXI: los caminos ecogóticos de Renzo y Lucía.</subfield>
   </datafield>
</record>
</metadata></record></GetRecord></OAI-PMH>